[Event "20th Heraklion IT Open 2017"]
[Site "Heraklion"]
[Date "2017.04.23"]
[Round "8"]
[White "Koutsourakis, Ioannis"]
[Black "Brokalakis - Gounaris, Christos"]
[Result "0-1"]
[WhiteElo "1543"]
[BlackElo "1773"]
[Annotator "NA RC"]
[PlyCount "96"]
[EventDate "2017.??.??"]
[EventType "swiss"]
[EventCountry "GRE"]
[SourceTitle "playchess.com"]
[Source "ChessBase"]
[SourceQuality "1"]
[TimeControl "40/5400+30:1800+30"]

1. d4 {[%emt 0:00:00]} Nf6 {[%emt 0:01:10]} 2. c4 {[%emt 0:00:00]} e6 {[%emt 0:00:11]} 3. Nc3 {[%emt 0:00:00]} Bb4 {[%emt 0:00:13]} 4. e3 {[%emt 0:00:10]} O-O {[%emt 0:02:27]} 5. Nge2 {[%emt 0:00:11]} d5 {[%emt 0:00:55]} 6. a3 {[%emt 0:00:10]} Be7 {[%emt 0:00:32]} 7. Ng3 {[%emt 0:01:11]} b6 {[%emt 0:02:30]} 8. Bd3 {[%emt 0:03:01]} Bb7 {[%emt 0:01:02]} 9. O-O {[%emt 0:00:35]} Nbd7 {[%emt 0:07:24]} 10. cxd5 {[%emt 0:11:17]} Nxd5 {[%emt 0:04:40]} 11. Nxd5 {[%emt 0:00:30]} exd5 {[%emt 0:00:30]} 12. Bd2 {[%emt 0:03:06]} c5 {[%emt 0:04:42]} 13. Bc3 {[%emt 0:03:48]} c4 {[%emt 0:05:44]} 14. Bc2 {[%emt 0:00:51]} Re8 {[%emt 0:04:01]} 15. Nf5 {[%emt 0:03:58]} Bf8 {[%emt 0:06:21]} 16. Qg4 {[%emt 0:09:17]} g6 {[%emt 0:03:58]} 17. Ng3 {[%emt 0:01:31]} Nf6 {[%emt 0:02:22]} 18. Qf3 {[%emt 0:00:32]} Ne4 {[%emt 0:11:27]} 19. Nxe4 {[%emt 0:03:45]} dxe4 {[%emt 0:00:31]} 20. Qe2 {[%emt 0:04:06]} Bd5 {[%emt 0:02:44]} 21. Qd2 {[%emt 0:03:03]} Bd6 {[%emt 0:02:29]} 22. Bd1 {[%emt 0:04:47]} Qh4 {[%emt 0:02:45]} 23. g3 {[%emt 0:00:14]} Qg5 {[%emt 0:01:42]} 24. Ba4 {[%emt 0:04:29]} Red8 {[%emt 0:06:29]} 25. Rfe1 {[%emt 0:05:00]} a6 {[%emt 0:02:56]} 26. Bd1 {[%emt 0:01:51]} h5 {[%emt 0:04:00]} 27. Be2 {[%emt 0:05:48]} h4 {[%emt 0:00:28]} 28. Bf1 {[%emt 0:00:58]} Kg7 {[%emt 0:00:41]} 29. Bg2 {[%emt 0:04:15]} Rh8 {[%emt 0:02:28]} 30. Qc2 {[%emt 0:06:14]} hxg3 {[%emt 0:04:00]} 31. hxg3 {[%emt 0:01:28]} Rh6 {[%emt 0:05:19]} 32. Qa4 {[%emt 0:08:17]} b5 {[%emt 0:02:38]} 33. Qc2 {[%emt 0:01:19]} Rah8 {[%emt 0:00:12]} 34. Kf1 {[%emt 0:05:33]} Qg4 {[%emt 0:01:12]} 35. Kg1 {[%emt 0:00:47]} Bxg3 {[%emt 0:01:43]} 36. fxg3 {[%emt 0:00:23]} Qxg3 {[%emt 0:00:01]} 37. Kf1 {[%emt 0:00:43]} Rh1+ {[%emt 0:01:28]} 38. Bxh1 {[%emt 0:00:49]} Rxh1+ {[%emt 0:00:04]} 39. Ke2 {[%emt 0:00:07]} Rh2+ {[%emt 0:02:54]} 40. Kd1 {[%emt 0:00:00]} Rxc2 {[%emt 0:00:27]} 41. Kxc2 {[%emt 0:00:09]} Qf2+ {[%emt 0:00:39]} 42. Bd2 {[%emt 0:00:53]} g5 {[%emt 0:04:57]} 43. Rad1 {[%emt 0:01:34]} Kg6 {[%emt 0:06:43]} 44. Kb1 {[%emt 0:03:40]} Be6 {[%emt 0:04:04]} 45. Rf1 {[%emt 0:01:14]} Qe2 {[%emt 0:00:13]} 46. Kc1 {[%emt 0:00:51]} c3 {[%emt 0:01:06]} 47. Bxc3 {[%emt 0:01:58]} Bb3 {[%emt 0:00:06]} 48. Bd2 {[%emt 0:02:10]} Qd3 {[%emt 0:00:48]} 0-1

[Event "20th Heraklion IT Open 2017"]
[Site "Heraklion"]
[Date "2017.04.24"]
[Round "9"]
[White "Wallace, John Paul"]
[Black "Serpetsidakis, Nikolaos"]
[Result "1/2-1/2"]
[WhiteElo "2404"]
[BlackElo "1994"]
[Annotator "TA"]
[PlyCount "93"]
[EventDate "2017.??.??"]
[EventType "swiss"]
[EventCountry "GRE"]
[SourceTitle "playchess.com"]
[Source "ChessBase"]
[SourceQuality "1"]

{[%evp 12,93,-3,4,52,41,41,44,39,21,59,60,44,11,19,29,19,24,5,0,0,0,0,7,8,6,50,33,33,33,33,33,38,29,24,26,32,25,35,25,89,81,87,85,87,73,85,48,72,70,66,68,69,76,87,66,68,62,62,62,62,67,65,66,62,61,64,58,79,0,0,-1,-1,-4,8,8,8,0,0,0,0,0,0,0]} 1. e4 e6 2. d4 d5 3. Nd2 Be7 4. Bd3 c5 5. dxc5 Nf6 6. exd5 Qxd5 7. Ngf3 Bxc5 {C03: French Tarrasch: Unusual Black 3rd moves} (7... Qxc5 8. Qe2 Qc7 9. O-O Nbd7 10. Ne4 Nxe4 11. Qxe4 Nc5 12. Bb5+ Bd7 13. Bxd7+ Qxd7 14. Qg4 O-O 15. Be3 {½-½ (49) Lu,S (2611)-Pourramezanali,A (2509) Guilan 2016}) 8. O-O O-O 9. Qe2 Nbd7 {[%cal Bb8d7,Bd7c5,Bc5d3][%mdl 32] White is slightly better.} 10. Nb3 $146 (10. b3 Qh5 {½-½ (10) Nikolova,A (2358)-Zhukova,N (2475) Kragujevac 2016}) 10... b6 11. Rd1 {[#] Threatens to win with Bxh7+!} Qh5 12. Nxc5 Nxc5 13. Ne5 Nxd3 14. Qxh5 Nxh5 15. Rxd3 Ba6 16. Ra3 Bb7 17. Be3 Rfd8 18. f3 Kf8 19. Kf2 Nf6 20. c4 Nd7 21. Nxd7+ Rxd7 22. b4 Ke8 23. Rc1 Rc7 24. b5 f6 25. Ra4 Kd7 (25... e5 $11 {remains equal.}) 26. Rc3 $16 Kc8 27. Rca3 Kb8 28. h4 h5 29. Rd3 Kc8 30. Ke2 e5 31. Rda3 Kb8 32. Kf2 Rc8 33. Rd3 a6 34. Bxb6 {Hoping for Rd7.} axb5 35. Rxa8+ Bxa8 36. cxb5 $14 {[%mdl 4096] Endgame Black must now prevent a4. KRB-KRB} Rc2+ 37. Kg3 {aiming for a4.} Rxa2 38. Rd8+ Kb7 39. Be3 f5 {White should prevent ...f4+.} 40. f4 (40. Bc5 $16) 40... Kc7 $11 {The position is equal.} 41. Rd2 Rxd2 42. Bxd2 exf4+ 43. Kxf4 Bxg2 44. Kxf5 {KB-KB} Kb6 45. Kg6 Bf3 46. Kxg7 Kxb5 47. Kf6 1/2-1/2

[Event "20th Heraklion IT Open 2017"]
[Site "Heraklion"]
[Date "2017.04.24"]
[Round "9"]
[White "Sredojevic, Ivan"]
[Black "Damia, Angelo"]
[Result "1/2-1/2"]
[WhiteElo "2351"]
[BlackElo "2417"]
[Annotator "TA"]
[PlyCount "44"]
[EventDate "2017.??.??"]
[EventType "swiss"]
[EventCountry "GRE"]
[SourceTitle "playchess.com"]
[Source "ChessBase"]
[SourceQuality "1"]

{[%evp 14,44,8,17,39,31,40,25,26,16,55,33,22,0,51,37,65,65,128,56,130,10,10,4,7,-19,-12,-18,26,0,27,31,43]} 1. Nf3 d5 2. g3 Bg4 3. Bg2 Nd7 4. O-O Ngf6 5. d3 e6 6. Nbd2 Bd6 {A07: Réti Opening: New York and Capablanca Systems} 7. Qe1 c6 8. e4 {[#] LiveBook: 21 Games. Hoping for e5.} Bxf3 {The position is equal.} (8... Qc7 9. b3 Bb4 10. Qe3 Bc3 11. Rb1 e5 12. h3 Bh5 13. g4 Bg6 14. Nh4 O-O 15. Ndf3 Rfe8 16. Nf5 a5 {1-0 (87) Wang,Y (2711)-Ma,Q (2621) Shenzhen 2014}) 9. Nxf3 {aiming for e5.} Qc7 10. b3 dxe4 11. dxe4 O-O-O $146 (11... e5 12. Nh4 g6 13. Bd2 a5 14. a4 b6 15. b4 Bxb4 16. Bxb4 axb4 17. Qxb4 {1-0 (54) Soileau,C (1277)-Corbacho,J (1050) IECC email 2000}) 12. Bb2 {[#] Threatens to win with e5.} Ne5 13. Nd4 Qb6 ({Black should try} 13... h5 $11) 14. Qe2 Rhe8 15. c3 Bb8 (15... Be7 $14) 16. Rad1 ({White should play} 16. f4 $16) 16... a6 (16... g5 $14) 17. Nc2 (17. f4 $16) 17... Rxd1 $11 18. Rxd1 Rd8 19. h3 Rxd1+ 20. Qxd1 Qd8 21. Qxd8+ $1 Kxd8 22. Ne1 Nfd7 1/2-1/2

[Event "20th Heraklion IT Open 2017"]
[Site "Heraklion"]
[Date "2017.04.24"]
[Round "9"]
[White "Lirindzakis, Timotheos"]
[Black "Maris, Ioannis"]
[Result "1-0"]
[WhiteElo "2177"]
[BlackElo "1967"]
[Annotator "TA"]
[PlyCount "130"]
[EventDate "2017.??.??"]
[EventType "swiss"]
[EventCountry "GRE"]
[SourceTitle "playchess.com"]
[Source "ChessBase"]
[SourceQuality "1"]

{[%evp 21,130,40,41,51,57,17,14,2,19,-56,-45,-57,-55,-60,-51,-56,-35,-24,-22,-45,-37,-46,-49,-31,0,-16,8,-22,0,7,14,25,75,74,58,-53,22,-96,-15,-77,-79,-85,-73,-268,-243,-285,-116,-130,-78,-210,-150,-157,-76,-90,-43,-58,-24,-22,0,0,0,0,0,0,0,0,27,18,87,67,56,15,9,0,60,19,581,528,461,165,153,0,230,513,454,442,585,576,589,589,589,573,589,578,577,575,554,554,521,487,322,8,527,410,962,957,635,492,29962,29963,5181]} 1. d4 Nf6 2. c4 g6 3. g3 Bg7 4. Bg2 O-O 5. Nc3 d6 6. Nf3 c6 7. O-O Qc7 8. h3 Re8 9. e4 Nbd7 10. Re1 e5 11. Rb1 a6 12. Be3 {E69: King's Indian: Fianchetto: 6...Nbd7 7 0-0 e5 8 e4 c6 9 h3} b5 $146 (12... b6 13. Qc2 Bb7 14. c5 bxc5 15. dxe5 Nxe5 16. Nxe5 Rxe5 17. Rbd1 Re7 18. Bf4 Ne8 19. Na4 Be5 20. Bxe5 Rxe5 {1-0 (41) Jurek,J (2277)-Stojdl,J (1967) Plzen 2013}) 13. dxe5 dxe5 14. Qc2 {The position is equal.} b4 15. Ne2 (15. Na4 $11) 15... c5 $15 16. Nc1 Bb7 17. Nd2 Nf8 18. Nd3 N6d7 19. a3 a5 {[%cal Ba6a5,Ba5b4][%mdl 32]} 20. axb4 axb4 21. Ra1 Ne6 22. Nb3 h6 23. Qd2 Kh7 24. Rec1 g5 25. Qd1 Nd4 26. Rxa8 Rxa8 27. Bxd4 $1 exd4 28. Qg4 (28. Qh5 $1 $14) 28... Kg8 ({Black should play} 28... Ne5 $1 $15 29. Qe2 (29. Qf5+ Kg8 30. Nxe5 Bxe5 $17) 29... Nxd3 30. Qxd3 Kg8) 29. Qf5 (29. f4 $11) 29... Bc8 ({Black should try} 29... Ne5 $1 $17 {[%cal Re5d3]} 30. Nxe5 Bxe5) 30. Qf3 (30. Qd5 $11 Bb7 31. Qf5) 30... Ne5 $36 {[%mdl 2048] Black is really pushing.} 31. Nxe5 Qxe5 (31... Bxe5 $5 {is interesting.} 32. Qh5 Kg7 33. h4 g4 34. Rd1 Be6) 32. Ra1 $2 (32. Rf1 $17) 32... Rxa1+ $19 33. Nxa1 {[#]} Be6 (33... d3 $1 $19 {[%mdl 512]} 34. Qxd3 Qxb2) 34. Qd3 $17 f5 ({Better is} 34... h5 35. Nb3 h4) 35. Kh2 (35. Nb3 $17 {was necessary.}) 35... Bf8 36. Nb3 Kg7 (36... f4 $142 $1 {Threatens to win with ...fxg3+.} 37. Na5 fxg3+ 38. Qxg3 Bg7) 37. Nd2 Be7 38. exf5 $1 Bxf5 39. Be4 Bxe4 40. Nxe4 Qf5 41. Kg2 h5 42. Qf3 Qe6 43. b3 Kg6 44. g4 h4 (44... hxg4 $1 $11 45. hxg4 (45. Qxg4 Qxg4+ 46. hxg4 Kf7 $11) 45... Qd7) 45. Kf1 Qe5 46. Ke2 Bf6 47. Kd3 (47. Qxf6+ $2 Qxf6 48. Nxf6 Kxf6 $19) 47... Be7 (47... Kg7 $1 $11) 48. Nd2 Qe6 $2 {[%mdl 8192]} (48... Qh2 $1 $11 {and Black stays safe.}) 49. Qe4+ $18 Kf6 50. Qh7 $2 (50. Qxe6+ Kxe6 51. Nf3) 50... Ke5 51. Qe4+ (51. Nf3+ $16 Kd6 52. Nd2) 51... Kf6 $1 (51... Kd6 $6 52. Qb7 Ke5 53. Qe4+ Kf6 54. Qh7 $16) 52. Qxe6+ $1 (52. Qh7 $6 Qf7 53. Qh6+ Qg6+ 54. Ne4+ Kf7 $16) 52... Kxe6 {[%mdl 4096] Endgame KB-KN} 53. Ke4 Bd6 54. Nf3 Bf4 55. Ne1 Bd6 56. Nd3 Be7 57. f4 gxf4 58. Nxf4+ (58. Kxf4 Kf7 59. Kf5 Bd6 $18) 58... Kf6 59. Kd5 Kg5 60. Nd3 $1 Kf6 {[#]} 61. Ne5 $2 (61. Nxc5 $2 Bxc5 62. Ke4 Kg5 $19) (61. Ne1 $1 $18 {[%cal Re1f3]} Kg7 62. Ke6 (62. Nd3 Kf7 63. Ne5+ Kf6 $16)) 61... Bf8 $2 {[%mdl 8192] [#]} (61... Kg5 $11 {and Black has nothing to worry.} 62. Nd3 Kf6) 62. Nf3 $1 ({Not} 62. Nd7+ Kg5 63. Ke4 (63. Nxf8 $2 d3 64. Ne6+ Kh6 65. g5+ Kh7 66. Nf8+ Kg8 $19) 63... Bd6 $14) 62... Be7 (62... Bh6 $142 63. Kxc5 (63. Nxh4 d3 64. Nf3 Be3 $11) 63... Be3 64. Kxb4 Ke6) 63. Nxh4 Kg5 64. Ng2 d3 (64... Bf8 $18 65. Ke5 (65. Ne1 Kf4 $11) 65... Be7) 65. Ne1 Kf6 1-0

[Event "20th Heraklion IT Open 2017"]
[Site "Heraklion"]
[Date "2017.04.24"]
[Round "9"]
[White "Moshovakis, Aggelos"]
[Black "Friedel, Marcus"]
[Result "1/2-1/2"]
[WhiteElo "2030"]
[BlackElo "2182"]
[Annotator "NA"]
[PlyCount "78"]
[EventDate "2017.??.??"]
[EventType "swiss"]
[EventCountry "GRE"]
[SourceTitle "playchess.com"]
[Source "ChessBase"]
[SourceQuality "1"]
[TimeControl "40/5400+30:1800+30"]

1. e4 {[%emt 0:00:00]} g6 {[%emt 0:00:12]} 2. d4 {[%emt 0:00:00]} Bg7 {[%emt 0:00:08]} 3. Nc3 {[%emt 0:00:00]} c6 {[%emt 0:00:12]} 4. Nf3 {[%emt 0:00:00]} d6 {[%emt 0:00:23]} 5. h3 {[%emt 0:00:09]} Nf6 {[%emt 0:00:43]} 6. a4 {[%emt 0:00:31]} O-O {[%emt 0:00:35]} 7. Be3 {[%emt 0:00:10]} Nbd7 {[%emt 0:00:40]} 8. Be2 {[%emt 0:00:22]} e5 {[%emt 0:01:42]} 9. dxe5 {[%emt 0:01:10]} dxe5 {[%emt 0:00:11]} 10. Nd2 {[%emt 0:00:12]} Qe7 {[%emt 0:02:03]} 11. Nc4 {[%emt 0:00:13]} Rd8 {[%emt 0:31:05] B08: Pirc Defence: Classical System} (11... Ne8 12. O-O Nc5 13. Nd6 Nxd6 14. Bxc5 Rd8 15. Qd3 b6 16. Ba3 Bb7 17. Rad1 c5 18. Qe3 Qh4 19. f3 Bh6 {0-1 (38) Gajek,R (2384)-Kovalev,A (2509) Polanica Zdroj 2015}) 12. Qd6 {[%emt 0:00:52]} Bf8 {[%emt 0:01:35] LiveBook: 3 Games [#]} ({Black should try} 12... Qxd6 $14 13. Nxd6 Nf8) 13. O-O-O {[%emt 0:04:47]} ({Better is} 13. Qxe7 $1 $16 Bxe7 14. O-O-O) 13... Qxd6 {[%emt 0:12:07]} 14. Nxd6 {[%emt 0:00:06]} Nb6 {[%emt 0:08:57]} 15. Nxc8 {[%emt 0:06:48]} Rdxc8 {[%emt 0:00:14]} 16. g4 $146 {[%emt 0:11:47]} (16. Rd2 Bb4 17. f3 Bxc3 18. bxc3 Nxa4 19. Rd6 Ne8 20. Rd7 Nc7 {1-0 (42) Capelo,M (1860)-Brujin,H (1460) Sao Paulo 2015}) 16... Bb4 {[%emt 0:13:18]} 17. Na2 {[%emt 0:42:17]} Be7 {[%emt 0:02:24]} 18. a5 {[%emt 0:01:57]} Na4 $1 {[%emt 0:00:24]} 19. f3 {[%emt 0:03:25]} Rd8 {[%emt 0:04:22]} 20. b4 {[%emt 0:02:39]} b6 {[%emt 0:02:09]} 21. Bc4 {[%emt 0:01:34]} bxa5 {[%emt 0:01:23]} 22. Bb3 {[%emt 0:00:14]} ({Not} 22. bxa5 $2 Ba3+ 23. Kb1 Rxd1+ 24. Rxd1 Nb2 $19) 22... Nb6 {[%emt 0:00:23]} 23. bxa5 {[%emt 0:00:16]} Nbd7 {[%emt 0:00:24]} 24. Ba4 {[%emt 0:00:43]} (24. c3 $16) 24... Ba3+ {[%emt 0:06:06]} 25. Kb1 {[%emt 0:00:08]} Rab8+ {[%emt 0:01:30]} 26. Bb3 {[%emt 0:00:08]} c5 {[%emt 0:00:11]} 27. Bc1 {[%emt 0:01:21]} c4 {[%emt 0:03:31]} 28. Bxa3 {[%emt 0:00:07]} cxb3 {[%emt 0:00:04]} 29. Nc1 {[%emt 0:04:25]} bxc2+ {[%emt 0:00:32]} 30. Kxc2 {[%emt 0:00:02]} Rdc8+ {[%emt 0:00:26]} 31. Kd2 {[%emt 0:00:22]} Rb5 {[%emt 0:01:17]} 32. Nd3 {[%emt 0:03:38]} Rxa5 {[%emt 0:00:35]} 33. Bb2 {[%emt 0:00:16]} Ne8 {[%emt 0:03:08]} 34. Ra1 {[%emt 0:00:17]} Rxa1 {[%emt 0:01:21]} 35. Rxa1 {[%emt 0:00:06]} Nd6 $11 {[%emt 0:00:22]} 36. Rxa7 {[%emt 0:01:24]} Nc4+ {[%emt 0:01:01]} 37. Kd1 {[%emt 0:01:01]} Nc5 {[%emt 0:00:45]} 38. Nxc5 {[%emt 0:00:12]} Nxb2+ {[%emt 0:00:09]} 39. Kc2 {[%emt 0:00:04]} Rxc5+ {[%emt 0:00:09]} 1/2-1/2

[Event "20th Heraklion IT Open 2017"]
[Site "Heraklion"]
[Date "2017.04.24"]
[Round "9"]
[White "Hristodoulaki, Antonia"]
[Black "Mamoulakis, Eleftherios"]
[Result "1-0"]
[WhiteElo "1994"]
[BlackElo "2117"]
[Annotator "TA"]
[PlyCount "35"]
[EventDate "2017.??.??"]
[EventType "swiss"]
[EventCountry "GRE"]
[SourceTitle "playchess.com"]
[Source "ChessBase"]
[SourceQuality "1"]

{[%evp 23,35,35,42,40,94,87,79,60,445,430,667,658,647,612]} 1. e4 c5 2. Nf3 d6 3. d4 cxd4 4. Nxd4 Nf6 5. Nc3 a6 6. Be3 e5 7. Nb3 Be6 8. f4 exf4 {B90: Sicilian Najdorf: Unusual White 6th moves, 6 Be3 Ng4 and 6 Be3 e5} 9. Bxf4 Nc6 10. h3 Be7 11. Qe2 Ne5 (11... Nd7 12. O-O-O Nce5 13. Kb1 O-O 14. g4 Rc8 15. Qe3 Re8 {½-½ (70) Swiercz,D (2665)-Wojtaszek,R (2713) Poznan 2016}) 12. O-O-O Qc7 {LiveBook: 21 Games} 13. Nd4 Bc4 $146 (13... Rc8 $14) (13... O-O 14. g4 Rfe8 15. g5 Nfd7 16. Kb1 Rac8 17. Bc1 Qa5 18. Nd5 Bxd5 19. exd5 {1-0 (39) Pikula,D (2522)-Nenezic,M (2356) Belgrade 2012}) 14. Qe1 O-O 15. Nf5 {[#] And now Bxe5 would win.} Rac8 $2 {[%mdl 8192]} (15... Be6 $14) 16. Bxe5 $18 {White is clearly winning.} Bxf1 (16... dxe5 $142 17. Bxc4 Bb4) 17. Nxe7+ ({Less strong is} 17. Rxf1 dxe5 18. Qg3 (18. Nxe7+ Qxe7 19. Nd5 Nxd5 20. Rxd5 Rfd8 $11) 18... g6 $16) 17... Qxe7 18. Bxd6 ({Weaker is} 18. Rxf1 Qxe5 19. Qe3 Rc4 $11) ({Not} 18. Qxf1 dxe5 19. Nd5 Nxd5 20. Rxd5 Rfd8 $11) 1-0

[Event "20th Heraklion IT Open 2017"]
[Site "Heraklion"]
[Date "2017.04.24"]
[Round "9"]
[White "Sourgkounis, Angelos"]
[Black "Lampadariou, Nikolaos"]
[Result "1/2-1/2"]
[WhiteElo "1960"]
[BlackElo "1948"]
[Annotator "NA RC"]
[PlyCount "116"]
[EventDate "2017.??.??"]
[EventType "swiss"]
[EventCountry "GRE"]
[SourceTitle "playchess.com"]
[Source "ChessBase"]
[SourceQuality "1"]
[TimeControl "40/5400+30:1800+30"]

{[%evp 10,116,32,31,31,27,30,18,47,22,25,41,36,28,45,45,54,17,85,32767,10,4,0,3,10,-45,-14,-17,-29,-35,32767,32767,-57,-79,-67,-93,-85,-75,32767,32767,-90,32767,32767,-84,32767,32767,-29,32767,-20,-20,32767,-36,32767,32767,32767,-40,32767,32767,32767,32767,32767,32767,0,32767,32767,32767,32767,32767,0,32767,32767,-16,32767,32767,32767,0,0,32767,0,0,0,32767,6,-36,-18,32767,32767,0,0,6,32767,32767,32767,32767,48,64,48,0,32767,45,50,30,27,2,32767,32767,14,7,3]} 1. d4 {[%emt 0:01:00]} d5 {[%emt 0:00:36]} 2. Nf3 {[%emt 0:00:07]} c6 {[%emt 0:01:43]} 3. e3 {[%emt 0:00:12]} Nf6 {[%emt 0:01:03]} 4. b3 {[%emt 0:01:01]} h6 {[%emt 0:01:26] D04: Colle System} (4... Bg4 5. h3 Bh5 6. g4 Bg6 7. Ne5 Nfd7 8. Nxg6 hxg6 9. Bb2 e6 10. Nd2 Bd6 11. Bg2 Qe7 12. c4 {0-1 (31) Rodriguez Vila,A (2490)-Obregon,C (2478) Moron 2013}) 5. Bd3 {[%emt 0:00:20]} e6 {[%emt 0:06:11]} 6. Bb2 {[%emt 0:03:44]} Bd6 {[%emt 0:00:55]} 7. O-O {[%emt 0:00:09]} O-O {[%emt 0:00:18]} 8. Nbd2 {[%emt 0:00:05]} b6 $146 {[%emt 0:01:43]} (8... Nbd7 9. Ne5 Qc7 10. f4 b6 11. Qf3 a5 12. Qh3 Ba6 13. c4 Ne8 14. Rac1 c5 15. g4 f5 16. gxf5 exf5 17. Bxf5 Nxe5 18. dxe5 Be7 19. Be6+ {1-0 (19) Stancu,O (2156)-Rucsandescu,D Eforie Nord 2007}) 9. c4 {[%emt 0:00:48]} Nbd7 {[%emt 0:02:13]} 10. e4 {[%emt 0:07:06]} dxe4 {[%emt 0:04:31]} 11. Nxe4 {[%emt 0:00:03]} Nxe4 {[%emt 0:04:23]} 12. Bxe4 {[%emt 0:00:03]} Bb7 {[%emt 0:00:13]} 13. Ne5 {[%emt 0:05:48]} f5 {[%emt 0:20:05]} (13... Qc7 $11 {keeps the balance.}) 14. Bf3 {[%emt 0:03:25]} Nxe5 {[%emt 0:05:25]} 15. dxe5 {[%emt 0:00:08]} Be7 {[%emt 0:01:24]} 16. Qe1 {[%emt 0:05:45]} Qc7 {[%emt 0:00:54]} 17. b4 {[%emt 0:01:13]} Rfd8 {[%emt 0:06:39]} 18. Qc3 {[%emt 0:00:34]} c5 {[%emt 0:03:58]} 19. b5 {[%emt 0:03:07]} Rd7 {[%emt 0:02:05]} 20. Bxb7 {[%emt 0:12:17]} Qxb7 {[%emt 0:01:05]} 21. Qg3 {[%emt 0:00:08]} Kh7 {[%emt 0:06:45]} 22. Rad1 {[%emt 0:22:38]} Rad8 {[%emt 0:00:43]} 23. Rxd7 {[%emt 0:00:21]} Qxd7 {[%emt 0:07:42]} 24. Qf3 $1 $11 {[%emt 0:01:49]} Qd3 {[%emt 0:00:47]} (24... Qd2 $19 25. Qb3 Rd3) 25. Qb7 {[%emt 0:03:39]} Qd7 {[%emt 0:01:20]} 26. Qa6 {[%emt 0:14:10]} g6 {[%emt 0:04:36]} 27. h3 {[%emt 0:01:11]} h5 {[%emt 0:00:46]} 28. a4 {[%emt 0:00:34]} Qc7 {[%emt 0:01:54]} 29. a5 {[%emt 0:00:25]} Rd2 {[%emt 0:01:41]} 30. Bc3 {[%emt 0:02:49]} Rd3 {[%emt 0:02:39]} 31. axb6 {[%emt 0:01:28]} axb6 {[%emt 0:00:26]} 32. Bb2 {[%emt 0:03:31]} Rd2 {[%emt 0:03:55]} 33. Bc3 {[%emt 0:03:42]} Rd3 {[%emt 0:00:08]} 34. Qa1 {[%emt 0:01:25]} Qd7 {[%emt 0:00:32]} 35. Qc1 {[%emt 0:00:21]} Bf8 {[%emt 0:01:30]} 36. Qc2 {[%emt 0:00:36]} Bh6 {[%emt 0:00:50]} 37. Ra1 {[%emt 0:00:17]} Bf4 {[%emt 0:01:50]} 38. Re1 {[%emt 0:01:14]} Bg5 {[%emt 0:01:22]} 39. Rf1 {[%emt 0:00:58]} Be7 {[%emt 0:01:39]} 40. Kh2 {[%emt 0:00:00]} Bg5 {[%emt 0:01:33]} 41. Kg1 {[%emt 0:10:43]} Be7 {[%emt 0:00:58]} 42. Ra1 {[%emt 0:02:42]} Kg7 {[%emt 0:16:50]} 43. Kf1 {[%emt 0:00:09]} Qd8 $1 {[%emt 0:01:27]} 44. Ke2 {[%emt 0:03:24]} Rd7 {[%emt 0:01:16]} 45. f4 {[%emt 0:01:29]} Qc7 {[%emt 0:01:14]} 46. Rg1 {[%emt 0:01:56]} Kf8 {[%emt 0:05:36]} 47. g4 {[%emt 0:03:14]} hxg4 {[%emt 0:00:45]} 48. hxg4 {[%emt 0:00:13]} Bd8 {[%emt 0:00:29]} 49. Ke3 {[%emt 0:02:24]} Rh7 {[%emt 0:01:56]} 50. Qg2 {[%emt 0:00:13]} Qb7 {[%emt 0:00:18]} 51. Qxb7 {[%emt 0:05:13]} Rxb7 {[%emt 0:00:03]} 52. Rd1 {[%emt 0:00:28]} Be7 {[%emt 0:00:59]} 53. Ra1 {[%emt 0:00:53]} ({Better is} 53. g5 $14) 53... Bd8 {[%emt 0:00:23]} 54. Rh1 {[%emt 0:03:16]} Kg7 {[%emt 0:00:37]} 55. gxf5 {[%emt 0:01:26]} gxf5 {[%emt 0:00:17]} 56. Be1 {[%emt 0:00:21]} (56. Rd1 $1 $14 Be7 57. Ra1) 56... Ra7 {[%emt 0:01:12]} 57. Bc3 {[%emt 0:00:24]} Be7 {[%emt 0:01:18]} 58. Rd1 {[%emt 0:00:38]} Kf7 $11 {[%emt 0:00:12] Kd4} 1/2-1/2

[Event "20th Heraklion IT Open 2017"]
[Site "Heraklion"]
[Date "2017.04.24"]
[Round "9"]
[White "Dhruv Easwar"]
[Black "Antic, Dejan"]
[Result "0-1"]
[WhiteElo "1753"]
[BlackElo "2472"]
[Annotator "TA"]
[PlyCount "60"]
[EventDate "2017.??.??"]
[EventType "swiss"]
[EventCountry "GRE"]
[SourceTitle "playchess.com"]
[Source "ChessBase"]
[SourceQuality "1"]

{[%evp 17,60,35,45,22,-1,0,-4,-54,-49,-414,-365,-469,-475,-533,-534,-565,-449,-513,-508,-631,-647,-687,-539,-538,-540,-542,-537,-677,-677,-1022,-1018,-969,-977,-29993,-847,-1516,-1246,-6155,-6149,-29993,-29994,-29994,-29995,-29995,-29996]} 1. e4 e6 2. d4 d5 3. Nd2 c5 4. Ngf3 Nc6 5. exd5 exd5 6. Bb5 Bd6 7. dxc5 Bxc5 8. O-O Nge7 9. Nb3 Bb6 10. Qe2 {C09: French Tarrasch: 3...c5 4 exd5 exd5 5 Ngf3 Nc6} (10. h3 O-O 11. Re1 Nf5 12. Bd3 Qd6 13. c3 Bd7 14. Qc2 g6 15. Bg5 Rfe8 16. Rad1 Rxe1+ 17. Rxe1 Rc8 18. Qd2 {1-0 (46) Karjakin,S (2771)-Fedoseev,V (2662) Dubai 2014}) 10... O-O 11. Bg5 h6 $146 (11... Qc7 12. c3 Bg4 13. Qd3 f6 14. Bh4 Rad8 15. Nfd4 Ne5 16. Bg3 a6 17. Bxa6 bxa6 18. Qxa6 Qd6 19. Qa4 Ra8 20. Nb5 Qd7 {0-1 (20) Schmidt,H-Spiess,G (2400) Germany 1998}) 12. Bxc6 {The position is equal.} hxg5 13. Nxg5 $2 {[%mdl 8192]} ({Better is} 13. Bb5 $15) 13... bxc6 14. Rae1 Nf5 ({Weaker is} 14... f6 15. Ne6 Bxe6 16. Qxe6+ Rf7 17. c4 $19) 15. Qh5 {[%csl Gg5][%cal Rh5h7] [#]} Nh6 16. Rc1 f6 17. Nh3 Bg4 18. Qh4 Re8 19. Rfe1 Qd6 20. Qg3 Qxg3 21. hxg3 g5 22. Kh2 Bxh3 23. Kxh3 Kf7 24. Rxe8 Rxe8 25. Rf1 Re2 (25... g4+ $142 26. Kh2 Nf5 27. Nc5 Bxc5 28. Kg1 Rh8 29. Re1 Nxg3 30. Re7+ Kxe7 31. c3 Rh1#) 26. Na1 Bxf2 27. a4 f5 {[%cal Bf6f5,Bf5g4,Bg4g3][%mdl 32] [#] ( -> ...Ng4)} 28. g4 fxg4+ {Black mates.} 29. Kh2 g3+ 30. Kh3 Re4 0-1